Statistics for Top 12 Oklahoma City Thunder Players of All-Time

Click here to take the quiz!

General Stats

  • This quiz has been taken 189 times
  • The average score is 6 of 12

Answer Stats

#PlayerWin Shares% Correct
3Russell Westbrook96.9
100%
2Kevin Durant107.9
99%
1Gary Payton123.8
90%
5Shawn Kemp67.6
84%
11Serge Ibaka47.6
62%
4Jack Sikma79.0
45%
8Detlef Schrempf53.7
29%
7Rashard Lewis58.9
27%
9Gus Williams52.1
20%
12Dale Ellis45.5
19%
6Fred Brown63.2
18%
10Nate McMillan50.2
12%

Score Distribution

Percentile by Number Answered

Percent of People with Each Score

Your Score History

You have not taken this quiz